000 00634nam a2200205 i 4500
001 188810
003 SpMaBN
005 20231230204726.0
008 190215s2000 sp |||| | spa d
020 _a84-08-03569-X
080 _a821.134.2-31"19"
100 1 _aMoix, Terenci.
_981822
245 1 3 _aLa herida de la esfinge /
_cTerenci Moix.
260 _a[Barcelona] :
_bPlaneta,
_c[2000]
300 _a203 p. ;
_c23 cm.
852 _aES-MaACL
_jA-14343
_9195944
_bR.151912
_cDEPO1
_dOlim: N-7343
_hDonación: José Lázaro
903 _9234219
_aLázaro García, José
_ednr
942 _2udc
_cMONOGRAFIA
999 _c188810
_d188810